Ricardo Wagner

Uloženo v:
Podrobná bibliografie
Hlavní autor: Dumesnil, René (Autor)
Médium: Kniha
Jazyk:španělština
Vydáno: Barcelona Vergara 1956
Témata:
Tagy: Přidat tag
Žádné tagy, Buďte první, kdo vytvoří štítek k tomuto záznamu!

MARC

LEADER 00000nam a2200000 a 4500
001 UCN2390
003 CL-VaPUC
008 010518e19560000SP |||||||||||||||||spa|d
082 0 4 |a 780.92  |b DUM  |2 21 
100 0 |a Dumesnil, René  |e author  |9 458200 
245 1 0 |a Ricardo Wagner 
300 |a 233 p 
942 |c BK 
945 |d 20010518 00:00:00  |a crobeson 
260 |a Barcelona  |b Vergara  |c 1956 
600 0 |a Wagner, Wilhelm Richard  |9 265759 
650 0 |a Compositores alemanes  |9 324765 
650 0 |a Ópera alemana  |9 306436 
650 0 |a Romanticismo en la música  |9 306753 
650 7 |a MUSICA SIGLO 19  |2 CL-VaPUC  |9 458201 
583 |a last modification  |c 20010518 00:00:00  |k Rodrigo Vera 
999 |c 295493  |d 295491 
952 |0 0  |1 0  |4 0  |6 780_920000000000000_DUM_1956  |7 0  |8 A  |9 348718  |a BIBEDU  |b BIBEDU  |d 2019-11-20  |i 1183079  |l 1  |o 780.92 DUM 1956  |p 1183079  |r 2024-10-14  |s 2024-10-14  |w 2019-11-20  |y BK  |k MUS 
952 |0 0  |1 0  |4 0  |6 780_920000000000000_DUM_1956  |7 0  |8 A  |9 348719  |a BIBART  |b BIBART  |d 2019-11-20  |i 3816672  |o 780.92 DUM 1956  |p 3816672  |r 2025-03-13  |w 2019-11-20  |y BK  |k ART